ENVIRONMENTAL management law and administration : (Readings and cases)

Bibliographic Details
Other Authors: Diwan
Format: Book
Published: New Delhi : Vanity Books International , 1998
Subjects:

MARC

LEADER 00000cam a2200000 7i4500
001 0000000123
005 20030723.0
020 0 0 |a 8175140364 
090 0 0 |a 344.046   |b ENV 1998 
245 0 0 |a ENVIRONMENTAL management law and administration :   |b (Readings and cases)   |c edited by Dr. Paras Diwan and Dr. Parag Diwan 
260 0 0 |a New Delhi :   |b Vanity Books International ,   |c 1998 
300 |a 486 p. ;   |c 22 cm. 
650 0 0 |a Environmental law 
650 0 0 |a Environmental policy 
650 0 0 |a Environmental protection 
700 0 1 |a Diwan   |h Parag 
700 0 1 |a Diwan   |h Paras 
998 |a JPSM 
999 |a 0000000953   |b Monograph   |c Open Shelf   |e Default branch